'Sweet' Twists on Common Sayings Quiz Stats

 Plays Quiz not verified by Sporcle

Also try: Unusual Epitaphs
Challenge
Share
Tweet
Embed
Score 0/15 Timer 04:00
0 Plays Today
% Correct
Those who love chocolate, and communists.
93.6%
But chocolate sings.
90.3%
But you can buy cupcakes, and that's kind of the same thing.
89.5%
Except a good friend with chocolate.
89.4%
It's the only planet with chocolate.
88.2%
But a little chocolate now and then doesn't hurt.
84.4%
But woman sure can.
84.4%
I'd rather fall in chocolate.
83.8%
% Correct
It's like a dull meal with the dessert at the beginning.
82.3%
I suggest carrot cake, zucchini bread, and pumpkin pie.
82.1%
Suffocate them with chocolate.
81.7%
He can say he doesn't like pie when he sees there isn't enough to go around.
81.2%
Eat dessert first.
77.6%
This means it's basically ice cream.
74.8%
Eat more cake.
68.1%

You're not logged in!

Compare scores with friends on all Sporcle quizzes.
Join for Free
OR
Log In

You Might Also Like...

Show Comments

Extras

Top Quizzes Today


Score Distribution

Your Account Isn't Verified!

In order to create a playlist on Sporcle, you need to verify the email address you used during registration. Go to your Sporcle Settings to finish the process.

Report this User

Report this user for behavior that violates our Community Guidelines.

Details: